El grupo Bunge y la política económica del primer peronismo, 1943-1952 /
Este trabajo analiza la influencia política e ideológica que el grupo de discípulos de Alejandro Bunge tuvo en la definición de la política económica del primer peronismo. Se sostiene que su postura favorable a la industrialización en los debates de la entreguerra y el influjo que el catolicismo ind...
Gardado en:
| Autor Principal: | |
|---|---|
| Formato: | Texto |
| Materias: | |
| Etiquetas: |
Engadir etiqueta
Sen Etiquetas, Sexa o primeiro en etiquetar este rexistro!
|
MARC
| LEADER | 00000 a a2200000 04500 | ||
|---|---|---|---|
| 001 | 9276 | ||
| 003 | |||
| 040 | |||
| 100 | |a Belini, Claudio | ||
| 245 | |a El grupo Bunge y la política económica del primer peronismo, 1943-1952 / |c Claudio Belini | ||
| 520 | |a Este trabajo analiza la influencia política e ideológica que el grupo de discípulos de Alejandro Bunge tuvo en la definición de la política económica del primer peronismo. Se sostiene que su postura favorable a la industrialización en los debates de la entreguerra y el influjo que el catolicismo industrial ejerció en sus miembros le permitió al grupo ejercer influencia sobre la dictadura militar de 1943 | ||
| 650 | |a POLITICA ECONOMICA | ||
| 650 | |a IDEOLOGIAS | ||
| 650 | |a INDUSTRIALIZACION | ||
| 650 | |a CATOLICISMO | ||
| 650 | |a ARGENTINA | ||
| 773 | |g volumen 41, número 1; páginas 27-50 | ||
| 999 | |c 21699 |d 21699 | ||
